Cross currents in 17th century English literature (Record no. 994958)

MARC details
000 -LEADER
fixed length control field 00726nam a2200241Ia 4500
003 - CONTROL NUMBER IDENTIFIER
control field OSt
005 - DATE AND TIME OF LATEST TRANSACTION
control field 20221005085912.0
008 - FIXED-LENGTH DATA ELEMENTS--GENERAL INFORMATION
fixed length control field 221004b |||||||| |||| 00| 0 eng d
037 ## - SOURCE OF ACQUISITION
Terms of availability Textual
040 ## - CATALOGING SOURCE
Original cataloging agency CRL
Transcribing agency CRL
Language of cataloging eng
041 ## - LANGUAGE CODE
Source of code eng
Language code of text/sound track or separate title eng
100 ## - MAIN ENTRY--PERSONAL NAME
Personal name Grierson Herbert J.C
245 #0 - TITLE STATEMENT
Title Cross currents in 17th century English literature
Remainder of title the world, the flesh, and the spirit, their actions and reactions
260 ## - PUBLICATION, DISTRIBUTION, ETC.
Place of publication, distribution, etc. New York
Name of publisher, distributor, etc. Harper Torchbooks USA
Date of publication, distribution, etc. 1966
300 ## - PHYSICAL DESCRIPTION
Extent 345p
Dimensions cm.
650 ## - SUBJECT ADDED ENTRY--TOPICAL TERM
Topical term or geographic name entry element ENGLISH LITERATURE
942 ## - ADDED ENTRY ELEMENTS (KOHA)
Classification part O111xL, K6
Koha item type Textual
Source of classification or shelving scheme
Holdings
Withdrawn status Lost status Damaged status Not for loan Home library Current library Date acquired Total Checkouts Full call number Barcode Date last seen Price effective from Koha item type
        Central Library Central Library 2022-10-05   O111xL K6 CL1237542 2022-10-05 2022-10-05 Textual
Copyright @ Delhi University Library System